000 00427nam a22001817a 4500
005 20230905190615.0
008 230720b |||||||| |||| 00| 0 eng d
020 _a9780500515778
082 _a712
_bRIC-F
100 _aRICHARDSON,TIM
245 _aFuturescapes
260 _aChaina
_bThames&Hudson
_c2011
300 _a351
500 _ainclude index
650 _aArchitecture
700 _aTIM RICHARDSON
999 _c33084
_d33084